000 00596nam a2200205Ia 4500
005 20250923145422.0
008 008 250917s9999 xx 000 0 eng d
037 _aTextual
040 _aDSWL
_beng
_cDSWL
041 _aeng
_2eng
084 _aP152:4K, 111N70;1
_qDSWL
245 2 _aA Practical Hindi-English Dictionary
_cEd. by M.Chaturvedi
260 _aDelhi
_bNational Pub. House
_c1970
300 _a738 p.
365 _aINR
_b20 . 0
700 _a B.N. Tiwari
_9835108
925 _g20 . 0
942 _cTEXL
_hP152:4K, 111N70;1
999 _c1451127
_d1451127